000 00574nam a2200193Ia 4500
008 240729s9999 xx 000 0 und d
022 _a2974-8151
245 0 _aAcute Care Medicine Surgery and Anesthesia
260 _aItaly
260 _bPAGEPress Publications
650 _a Anesthesiology
650 _a Internal medicine
650 _a Medical emergencies. Critical care. Intensive care. First aid | Medicine
650 _a Surgery
650 _aMedicine
856 _uhttps://doaj.org/toc/a490cfbf7b524f78850ba95c321defce
942 _2ddc
942 _cDOAJEJ
999 _c75014
_d75014
945 _a1
_bMadushi Gamage
_c1
_dMadushi Gamage